Aélioration et diversification du séchage solaire domestique des fruits, des légumes et des feuilles : TCP/NER/3453 (Record no. 28189)
[ view plain ]
| 000 -LEADER | |
|---|---|
| fixed length control field | 00585 a2200193 4500 |
| 130 ## - VEDETTE PRINCIPALE - TITRE UNIFORME | |
| Language of a work | Fr |
| 260 ## - PUBLICATION, DISTRIBUTION, ETC. (IMPRINT) | |
| Place of publication, distribution, etc | Rome |
| 260 ## - PUBLICATION, DISTRIBUTION, ETC. (IMPRINT) | |
| Name of publisher, distributor, etc | FAO |
| 245 ## - TITLE STATEMENT | |
| Title | Aélioration et diversification du séchage solaire domestique des fruits, des légumes et des feuilles : TCP/NER/3453 |
| 260 ## - PUBLICATION, DISTRIBUTION, ETC. (IMPRINT) | |
| Date of publication, distribution, etc | 1995 |
| 300 ## - PHYSICAL DESCRIPTION | |
| Extent | 40 p. |
| 300 ## - PHYSICAL DESCRIPTION | |
| Other physical details | couv. ill. en coul., ill. ; 22 cm. |
| 500 ## - GENERAL NOTE | |
| General note | Ce guide a été préparé avec la collaboration de M. Alain Rioux, Consultant en technologie alimentaire |
| 650 ## - SUBJECT ADDED ENTRY--TOPICAL TERM | |
| Topical term or geographic name as entry element | Fruit |
| 650 ## - SUBJECT ADDED ENTRY--TOPICAL TERM | |
| Topical term or geographic name as entry element | Légume |
| 650 ## - SUBJECT ADDED ENTRY--TOPICAL TERM | |
| Topical term or geographic name as entry element | Séchage naturel |
| Withdrawn status | Lost status | Damaged status | Not for loan | Location (home branch) | Sublocation or collection (holding branch) | Date acquired | Koha issues (times borrowed) | Koha full call number | Koha date last seen | Copy number | Price effective from | Koha item type | Public note |
|---|---|---|---|---|---|---|---|---|---|---|---|---|---|
| Bibliothèque-Centre de Documentation de la Faculté des Sciences Agronomiques | Bibliothèque-Centre de Documentation de la Faculté des Sciences Agronomiques | NSA.1995.028 | 28/02/2009 | 1 | 28/02/2009 | Livre | A.7432 |